000 00768nam a22002417a 4500
005 20200104041736.0
008 160121b2015 ck ||||fr|||| 00| 0 spa d
020 _a9789585887756
040 _aCO-BoIAVH
_cCO-BoIAVH
041 0 _aspa
044 _ack
082 0 4 _a598.07
_bC26o
110 1 _aCorporación Autónoma Regional de Risaralda CARDER
245 1 _aObservando Aves:
_ben Áreas Protegidas de Risaralda
260 _aRisaralda:
_bCorporación Autónoma Regional de Risaralda ,
_c2015.
300 _a197 páginas :
_bilustraciones a color ;
_c23 cm
650 6 _aAves
650 6 _aÁreas Protegidas
650 6 _aBiodiversidad
650 6 _aServicios Ecosistemicos
662 _aColombia
942 _2ddc
_cLIBRO
_01
999 _c18012
_d18012